000 00695cam a22002291 4500
001 6594866
005 20180223071226.0
008 720719s1966 nyua b 000 0 eng
010 _a 66000875
035 _a(OCoLC)360001
040 _aDLC
_cOBlC
_dOCoLC
_dDLC
041 1 _aeng
042 _apremarc
080 _a821
082 _2821 ERM
100 1 _a21
101 _aGJL
245 1 4 _aThe ancient Egyptians;
_cTranslated [from the German] by Aylward M. Blackman. Introd. to the Torchbook ed. by William Kelly Simpson.
504 _aBibliography: p. xxxix-xl.
906 _a7
_bcbc
_coclcrpl
_du
_encip
_f19
_gy-gencatlg
942 _2ddc
_cBK
999 _c43243
_d43243